Los poderes en la frontera : (Registro nro. 35905)

Detalles MARC
000 -CABECERA
Longitud fija campo de control 01237nam a2200301 a 4500
003 - • IDENTIFICADOR DELl NÚMERO DE CONTROL
Identificador del número de control CO-ViMGA
005 - • FECHA Y HORA DE LA ÚLTIMA TRANSACCIÓN
Fecha y hora de la última transacción 20230915233142.0
008 - • CÓDIGOS DE INFORMACIÓN DE LONGITUD FIJA
Códigos de información de longitud fija 151106s2015 ck a gr 00010 spa d
020 ## - • NÚMERO INTERNACIONAL NORMALIZADO PARA LIBROS
Número Internacional Normalizado para Libros (ISBN) 9789587753684
040 ## - FUENTE DE LA CATALOGACIÓN
Centro catalogador de origen CO-ViMGA
Lengua de catalogación spa
Centro transcriptor CO-ViMGA
043 ## - CÓDIGO DE ÁREA GEOGRÁFICA
Código de área geográfica s-ck---
082 04 - • NÚMERO DE LA CLASIFICACIÓN DECIMAL DEWEY
Número de clasificación (R) 291.72
Número del ítem C11p
Número de edición 21
100 1# - • PUNTO DE ACCESO PRINCIPAL-NOMBRE DE PERSONA
Nombre de persona Cabrera Becerra, Gabriel.
240 10 - • TÍTULO UNIFORME
Título uniforme <a href="Vaupés-Bibliografía regional">Vaupés-Bibliografía regional</a>
245 14 - • TITULO PROPIAMENTE DICHO
Título Los poderes en la frontera :
Resto del título misiones católicas y protestantes, y Estados en el Vaupés colombo-brasileño, 1923-1989 /
Mención de responsabilidad, etc. Gabriel Cabrera Becerra.
300 ## - • DESCRIPCI&Oacute;N F&Iacute;SICA
Extensión 455 páginas :
Otras características físicas ilustraciones ;
Dimensiones 24 cm.
490 0# - • MENCI&Oacute;N DE SERIE
Mención de serie Folios
504 ## - • NOTA DE BIBLIOGRAF&Iacute;A, ETC
Nota de bibliografía, etc. Incluye bibliografías e índices.
650 14 - • PUNTO DE ACCESO ADICIONAL DE MATERIA - T&Eacute;RMINO DE MATERIA
Término de materia o nombre geográfico como elemento inicial Evangelización
Subdivisión de materia general Historia
Subdivisión geográfica Vaupés (Colombia)
Subdivisión cronológica 1923-1989.
650 14 - • PUNTO DE ACCESO ADICIONAL DE MATERIA - T&Eacute;RMINO DE MATERIA
Término de materia o nombre geográfico como elemento inicial Iglesias protestantes
Subdivisión de materia general Misiones
-- Historia
Subdivisión geográfica Vaupés (Colombia)
Subdivisión cronológica 1923-1989.
650 14 - • PUNTO DE ACCESO ADICIONAL DE MATERIA - T&Eacute;RMINO DE MATERIA
Término de materia o nombre geográfico como elemento inicial Misiones católicas
Subdivisión de materia general Historia
Subdivisión geográfica Vaupés (Colombia)
Subdivisión cronológica 1923-1989.
650 14 - • PUNTO DE ACCESO ADICIONAL DE MATERIA - T&Eacute;RMINO DE MATERIA
Término de materia o nombre geográfico como elemento inicial Misiones
Subdivisión de materia general Historia
Subdivisión geográfica Vaupés (Colombia)
Subdivisión cronológica 1923-1989.
942 ## - ENTRADA DE ELEMENTOS AGREGADOS (KOHA)
Fuente de clasificaión o esquema Dewey Decimal Classification
Koha [por defecto] tipo de item LIbro
949 ## - TRATAMIENTO DE LA INFORMACI&Oacute;N LOCAL (OCLC)
a n
b n
Existencias
Perdido Fuente de clasificaci&oacute;n o esquema Estado Físico No para pr&eacute;stamo Forma de adquisición Localizaci&oacute;n permanente Localizaci&oacute;n actual Fecha adquisici&oacute;n Coste, precio normal de compra Pr&eacute;stamos totales Signatura completa C&oacute;digo de barras Fecha &uacute;ltima consulta N&uacute;mero de copia Fecha del precio de reemplazo Tipo de item de Koha
  Dewey Decimal Classification     Sala General Segundo Piso Biblioteca Pública Germán Arciniegas - Villavicencio Biblioteca Pública Germán Arciniegas - Villavicencio 09/02/2016 16451.00   291.72 C11p 30407 09/02/2016 Ej. 1 09/02/2016 LIbro









Instituto Departamental de Cultura del Meta - Red Departamental de Bibliotecas Públicas del Meta.